| 000 | 00484nam a2200169Ia 4500 | ||
|---|---|---|---|
| 999 |
_c16549 _d16549 |
||
| 082 | _a636.0095483 GEO-L SL1 | ||
| 100 | _aNair, K.N. | ||
| 245 | 0 | _aLivestock economy of Kerala | |
| 260 |
_aTrivandrum _bCentre for Development studies |
||
| 300 | _avii, 189 | ||
| 650 |
_aDairy cattle _vEconomic aspects _vKerala |
||
| 650 |
_aCattle _vEconomic aspects _vKerala |
||
| 650 |
_aLivestock _vEconomic aspects _vKerala |
||
| 650 | _aMilch cattle | ||
| 700 | _aGeorge , P.S. | ||
| 942 | _cBK | ||